| 000 | 00412nam a22001817a 4500 | ||
|---|---|---|---|
| 003 | OSt | ||
| 005 | 20190204171516.0 | ||
| 008 | 150724b xxu||||| |||| 00| 0 eng d | ||
| 020 | _aNA | ||
| 040 | _c0 | ||
| 050 | _aD1529 | ||
| 082 |
_222 _a620.0042 |
||
| 100 | _aNA | ||
| 245 | _aAutoCAD 2010 / | ||
| 260 |
_aNew Delhi, _bThe CADD College, _cc2010. |
||
| 300 |
_a366p. ; _bill. ; _c28.5 cm. |
||
| 942 |
_2ddc _cIT _01 |
||
| 999 |
_c5830 _d5830 |
||